000 nam a22 7a 4500
999 _c11556
_d11554
008 181019b xxu||||| |||| 00| 0 eng d
022 _aBUSE1101
_bASSOCIATE OF SCIENCE EXAMINATION
_cHOSPITALITY AND TOURISM MANAGEMENT
_dONE
245 _aBUSINESS ETHICS EXAMINATION MAY 2018
_cCCCJ
260 _aKINGSTON JAMAICA
_bCCCJ
_c2018
856 _uhttp://wplrc.ecc.edu.jm/cgi-bin/koha/opac-retrieve-file.pl?id=0b78d5aa1e46043841d5f36113e1f37a
942 _cPP